Ρόμμελ : ο θρύλος της ερήμου

Αποθηκεύτηκε σε:
Λεπτομέρειες βιβλιογραφικής εγγραφής
Κύριοι συγγραφείς: Καρύκας, Παντελής, Κάπαρης, Σπυρίδων (Συγγραφέας), Χονδροματίδης, Ιάκωβος Περ (Συγγραφέας)
Μορφή: Βιβλίο
Γλώσσα:Greek
Δημοσίευση: Αθήνα : Περισκόπιο, 1999.
Σειρά:Οι μονογραφίες του περιοδικού "Στρατιωτική Ιστορία" ; v.1
Θέματα:
Ετικέτες: Προσθήκη ετικέτας
Δεν υπάρχουν, Καταχωρήστε ετικέτα πρώτοι!

MARC

LEADER 00000cam a2200000 a 4500
001 1/116901
008 180626s1999####gr | ||| |||| ||gre||
020 |a 9789609408059 
040 |a GR-MyUa  |b gre  |c GR-MyUa  |e AACR2 
041 0 |a gre 
082 7 |a 940.5343   |2 (23) 
100 1 |a Καρύκας, Παντελής. 
245 1 0 |a Ρόμμελ :   |b ο θρύλος της ερήμου /   |c Παντελής Καρύκας, Σπύρος Κάπαρης, Ιάκωβος Χονδροματίδης. 
260 |a Αθήνα :   |b Περισκόπιο,   |c 1999.  
300 |a 159 σ. :   |b εικ., φωτ., χάρτ. ;   |c 28 εκ.  
490 1 |a (Οι μονογραφίες του περιοδικού "Στρατιωτική Ιστορία" ;   |v  vol.1) 
504 |a Βιβλιογραφία: σ. 159.  
600 1 0 |a Rommel, Erwin,   |d 1891-1944. 
650 0 |a World War, 1939-1945  |z Germany. 
650 0 |a World War, 1939-1945. 
650 0 |a Soldiers  |z Germany  |x Biography. 
700 1 |a Κάπαρης, Σπυρίδων,  |e aut 
700 1 |a Χονδροματίδης, Ιάκωβος Περ.  |e aut 
830 0 |a Οι μονογραφίες του περιοδικού "Στρατιωτική Ιστορία" ;  |v  v.1 
852 |a INST  |b RHODES  |e 20180626  |h 940.5343 ΚΑΡ  |p 005400040149  |q 005400040149  |t BK  |y 0 
970 |a Κωτάκου  |b Μαρία  |z 26-06-2018